Normal view
MARC view
- Waseem, Capt Muhammad
Entry Personal Name
001 - CONTROL NUMBER
- control field: 36109
003 - CONTROL NUMBER IDENTIFIER
- control field: NUST
005 - DATE AND TIME OF LATEST TRANSACTION
- control field: 20210312152108.0
008 - FIXED-LENGTH DATA ELEMENTS
- fixed length control field: 210312|| aca||aabn | a|a d
040 ## - CATALOGING SOURCE
- Original cataloging agency: NUST
- Transcribing agency: NUST
100 ## - HEADING--PERSONAL NAME
- Personal name: Waseem, Capt Muhammad
670 ## - SOURCE DATA FOUND
- Source citation: Work cat.: (NUST)15120: Waseem, Capt Muhammad, Arsenic Mitigation, 2020.
